Irenaeus, Against heresies, Clement of Alexandria, The exhortation to the Greeks and Quis dives salvetur? / (Record no. 123731)
[ view plain ]
| 000 -LEADER | |
|---|---|
| fixed length control field | 01012cam a2200265 a 4500 |
| 001 - CONTROL NUMBER | |
| control field | 4888163 |
| 005 - DATE AND TIME OF LATEST TRANSACTION | |
| control field | 20151110115006.0 |
| 008 - FIXED-LENGTH DATA ELEMENTS--GENERAL INFORMATION | |
| fixed length control field | 930204s1993 pau 000 0 eng |
| 010 ## - LIBRARY OF CONGRESS CONTROL NUMBER | |
| LC control number | 93022092 |
| 020 ## - INTERNATIONAL STANDARD BOOK NUMBER | |
| International Standard Book Number | 1556350198 |
| 040 ## - CATALOGING SOURCE | |
| Original cataloging agency | DLC |
| Transcribing agency | DLC |
| Modifying agency | DLC |
| 050 10 - LIBRARY OF CONGRESS CALL NUMBER | |
| Classification number | BR65.I71 |
| Item number | A3 1993 |
| 082 00 - DEWEY DECIMAL CLASSIFICATION NUMBER | |
| Classification number | 239/.3 |
| Edition number | 20 |
| 100 1# - MAIN ENTRY--PERSONAL NAME | |
| Personal name | Battles, Ford Lewis. |
| 9 (RLIN) | 20898 |
| 245 10 - TITLE STATEMENT | |
| Title | Irenaeus, Against heresies, Clement of Alexandria, The exhortation to the Greeks and Quis dives salvetur? / |
| Statement of responsibility, etc | Ford Lewis Battles. |
| 260 ## - PUBLICATION, DISTRIBUTION, ETC. (IMPRINT) | |
| Place of publication, distribution, etc | Allison Park, Pa. : |
| Name of publisher, distributor, etc | Pickwick Publications, |
| Date of publication, distribution, etc | 1993. |
| 300 ## - PHYSICAL DESCRIPTION | |
| Extent | 80 p. ; |
| Dimensions | 22 cm. |
| 490 1# - SERIES STATEMENT | |
| Series statement | Study outlines ; |
| Volume number/sequential designation | no. 2-3 |
| 650 #0 - SUBJECT ADDED ENTRY--TOPICAL TERM | |
| Topical term or geographic name as entry element | Irenaeus |
| General subdivision | Against heresies |
| 9 (RLIN) | 20902 |
| 650 #0 - SUBJECT ADDED ENTRY--TOPICAL TERM | |
| Topical term or geographic name as entry element | Clement and Alexandria |
| General subdivision | Exhortation to the Greeks |
| 9 (RLIN) | 20903 |
| 830 #0 - SERIES ADDED ENTRY--UNIFORM TITLE | |
| Uniform title | Study outline (Allison Park, Pa.) ; |
| Volume number/sequential designation | 2-3. |
| 9 (RLIN) | 20904 |
| 906 ## - LOCAL DATA ELEMENT F, LDF (RLIN) | |
| a | 7 |
| b | cbc |
| c | orignew |
| d | 1 |
| e | ocip |
| f | 19 |
| g | y-gencatlg |
| 942 ## - ADDED ENTRY ELEMENTS (KOHA) | |
| Source of classification or shelving scheme | Library of Congress Classification |
| Item type | Monograph ( Printed materials) |
| Withdrawn status | Lost status | Source of classification or shelving scheme | Damaged status | Not for loan | Collection code | Home library | Current library | Shelving location | Date acquired | Total Checkouts | Full call number | Barcode | Date last seen | Price effective from | Koha item type |
|---|---|---|---|---|---|---|---|---|---|---|---|---|---|---|---|
| Library of Congress Classification | Main Collection | ARRUPE LIBRARY | ARRUPE LIBRARY | Main Collection | 04/11/2015 | BR65.I71 A3 1993 | 80005002639 | 15/11/2016 | 04/11/2015 | Monograph ( Printed materials) |